| 000 | 01466nam0a22003251 4500 | ||
|---|---|---|---|
| 001 | rc\3586487 | ||
| 005 | 20260407094400.0 | ||
| 010 |
_d3 к. _91500 |
||
| 021 |
_aRU _b[69-51863] |
||
| 035 | _a(NLR Aleph) 007806752 | ||
| 090 |
_a7700395 _c7700395 |
||
| 100 | _a20130115d1969 |||y0rusy50 ca | ||
| 101 | 0 | _arus | |
| 102 | _aRU | ||
| 105 | _ay z ||||| | ||
| 200 | 1 |
_aМетоды хозяйственной оценки плодовых и ягодных насаждений _fВ.П. Поликарпов, Б.В. Соколов |
|
| 210 |
_aКишинев _c"Тимпул" _d1969 |
||
| 215 |
_a8 с. _d20 |
||
| 225 | 1 |
_aВ помощь производству _fМолдав. науч.-исслед. ин-т садоводства, виноградарства и виноделия |
|
| 606 | 1 |
_aПлодово-ягодные насаждения _xОценка _91908686 _3RU\NLR\AUTH\66869688 |
|
| 700 | 1 |
_aПоликарпов _bВ. П. _gВладимир Павлович |
|
| 701 | 1 |
_aСоколов _bБ. В. _cканд. с.-х. наук _gБорис Владимирович _9220374 _3RU\NLR\AUTH\770220430 |
|
| 712 | 0 | 2 |
_4650 _aМолдавский НИИ садоводства, виноградарства и виноделия _cКишинев _3RU\NLR\AUTH\889918868 _9333852 |
| 801 | 0 |
_aRU _bNLR _gpsbo |
|
| 801 | 1 |
_aRU _bELAR _2rusmarc |
|
| 801 | 2 |
_aRU _bNLR _c20150813 _2rusmarc |
|
| 852 |
_aNLR _j69-4/13767 |
||
| 942 | _cBOOK | ||
| 980 | _aNB | ||